The quality handbook for health care organizations : (Record no. 1344)
[ view plain ]
| 000 -LEADER | |
|---|---|
| fixed length control field | 01471pam a22003374a 4500 |
| 005 - DATE AND TIME OF LATEST TRANSACTION | |
| control field | 20260322212056.0 |
| 008 - FIXED-LENGTH DATA ELEMENTS--GENERAL INFORMATION | |
| fixed length control field | data |
| 010 ## - LIBRARY OF CONGRESS CONTROL NUMBER | |
| LC control number | 2003018922 |
| 020 ## - INTERNATIONAL STANDARD BOOK NUMBER | |
| International Standard Book Number | 9780787969219 |
| 020 ## - INTERNATIONAL STANDARD BOOK NUMBER | |
| International Standard Book Number | 0787969214 |
| 040 ## - CATALOGING SOURCE | |
| Original cataloging agency | DNLM |
| Transcribing agency | DNLM |
| 041 09 - LANGUAGE CODE | |
| Language code of text/sound track or separate title | eng |
| 042 ## - AUTHENTICATION CODE | |
| Authentication code | pcc |
| 044 ## - COUNTRY OF PUBLISHING/PRODUCING ENTITY CODE | |
| -- | United States |
| 060 10 - NATIONAL LIBRARY OF MEDICINE CALL NUMBER | |
| Classification number | W 84 AA1 |
| Item number | D626q 2004 |
| 001 - CONTROL NUMBER | |
| control field | data |
| 100 1# - MAIN ENTRY--PERSONAL NAME | |
| Personal name | Dlugacz, Yosef D., |
| Dates associated with a name | 1947- |
| 245 14 - TITLE STATEMENT | |
| Title | The quality handbook for health care organizations : |
| Remainder of title | a manager's guide to tools and programs / |
| Statement of responsibility, etc. | Yosef D. Dlugacz, Andrea Restifo & Alice Greenwood. |
| 250 ## - EDITION STATEMENT | |
| Edition statement | 1st ed. |
| 260 ## - PUBLICATION, DISTRIBUTION, ETC. | |
| Place of publication, distribution, etc. | San Francisco, CA : |
| Name of publisher, distributor, etc. | Jossey-Bass, |
| Date of publication, distribution, etc. | c2004. |
| 300 ## - PHYSICAL DESCRIPTION | |
| Extent | xxvii, 256 p. : |
| Other physical details | ill. |
| 504 ## - BIBLIOGRAPHY, ETC. NOTE | |
| Bibliography, etc. note | Includes bibliographical references (p. 245-247) and index. |
| 505 0# - FORMATTED CONTENTS NOTE | |
| Formatted contents note | The role of the manager -- Managing quality -- Information and prioritization -- Managing quality data -- Using quality tools and statistical methods for data analysis -- Translating information into action -- Working with guidelines -- Communication and accountability -- To err is indeed human -- Working together. |
| 650 12 - SUBJECT ADDED ENTRY--TOPICAL TERM | |
| Topical term or geographic name entry element | Quality Assurance, Health Care |
| General subdivision | organization & administration |
| Geographic subdivision | United States |
| 650 22 - SUBJECT ADDED ENTRY--TOPICAL TERM | |
| Topical term or geographic name entry element | Data Collection |
| General subdivision | methods |
| Geographic subdivision | United States |
| 650 22 - SUBJECT ADDED ENTRY--TOPICAL TERM | |
| Topical term or geographic name entry element | Data Interpretation, Statistical |
| Geographic subdivision | United States |
| 650 22 - SUBJECT ADDED ENTRY--TOPICAL TERM | |
| Topical term or geographic name entry element | Quality Indicators, Health Care |
| Geographic subdivision | United States |
| 650 22 - SUBJECT ADDED ENTRY--TOPICAL TERM | |
| Topical term or geographic name entry element | Critical Pathways |
| Geographic subdivision | United States |
| 700 1# - ADDED ENTRY--PERSONAL NAME | |
| Personal name | Restifo, Andrea, |
| Dates associated with a name | 1965- |
| 700 1# - ADDED ENTRY--PERSONAL NAME | |
| Personal name | Greenwood, Alice. |
| Withdrawn status | Lost status | Damaged status | Not for loan | Home library | Current library | Shelving location | Date acquired | Total checkouts | Full call number | Barcode | Date last seen | Price effective from | Koha item type |
|---|---|---|---|---|---|---|---|---|---|---|---|---|---|
| Riverside | Riverside | General stacks | 22/03/2026 | GEN | BC0011388 | 22/03/2026 | 22/03/2026 | Books |